Truchlící jakost Za Edwardem Demingem
Meno E. W. Deming (zomrel 20.12.1993) zostane navždy spojené s totálnou akosťou. Zaviedol štatistickú kontrolu výrobného procesu. Nenavrhol len novú akosť, ale ukázal jej včlenenie do celkového riadenia podnikovej prosperity. Úspech zaznamenal v Japonsku (každoročné udelovanie Demingovej ceny za ako...
Salvato in:
| Natura: | Capitolo di libro |
|---|---|
| Lingua: | ceco |
| Soggetti: | |
| Tags: |
Nessun Tag, puoi essere il primo ad aggiungerne!!
|
MARC
| LEADER | 00000naa a2200000 4500 | ||
|---|---|---|---|
| 001 | r015517 | ||
| 005 | 20221213082608.4 | ||
| 041 | 0 | |a cze | |
| 044 | |a CZ | ||
| 245 | 1 | 0 | |a Truchlící jakost |b Za Edwardem Demingem |
| 520 | |a Meno E. W. Deming (zomrel 20.12.1993) zostane navždy spojené s totálnou akosťou. Zaviedol štatistickú kontrolu výrobného procesu. Nenavrhol len novú akosť, ale ukázal jej včlenenie do celkového riadenia podnikovej prosperity. Úspech zaznamenal v Japonsku (každoročné udelovanie Demingovej ceny za akosť). E. Deming a s ním ďalší americkí odborníci vzali akosť z rúk technickej kontroly a vložili ju do rúk vrcholových manažérov. | ||
| 610 | 2 | 0 | |a kontrola kvality |
| 610 | 2 | 0 | |a kvalita výrobkov |
| 610 | 2 | 0 | |a kontrola štatistická |